| 000 | 01148cam a22002775a 4500 | ||
|---|---|---|---|
| 001 | 16557547 | ||
| 005 | 20101203135636.0 | ||
| 008 | 101130s2011 nyu 000 0 eng | ||
| 010 | _a 2010941979 | ||
| 020 | _a1455503118 | ||
| 020 | _a9781455503117 | ||
| 040 |
_aDLC _cDLC |
||
| 082 |
_222 _a320.5209 _bPAU |
||
| 100 | 1 |
_aPaul, Rand. _925529 |
|
| 245 | 1 | 4 |
_aThe Tea Party Goes to Washington / _cRand Paul. |
| 260 |
_aNew York : _bCenter Street, 2011 _c2011. |
||
| 300 |
_axiv, 254 p. : _bill., ports. ; _c22 cm. |
||
| 504 | _aIncludes bibliographical references (p. [251]-254). | ||
| 520 | _aDescribes how fears over the Obama presidential administration helped form the Tea Party movement, and argues that the grassroots movement is independent and critical of both American political parties. | ||
| 650 |
_925528 _aTea Party movement |
||
| 650 |
_911161 _aConservatism _zUnited States. |
||
| 653 |
_bENG _cJune2011 _bPol _cJune2011 |
||
| 942 |
_2ddc _cBB |
||
| 999 |
_c15632 _d15632 |
||